Direct current transmission
Αποθηκεύτηκε σε:
| Κύριος συγγραφέας: | |
|---|---|
| Μορφή: | Βιβλίο |
| Γλώσσα: | Αγγλικά |
| Έκδοση: |
Nueva York
John Wiley
1971
|
| Θέματα: | |
| Ετικέτες: |
Προσθήκη ετικέτας
Δεν υπάρχουν, Καταχωρήστε ετικέτα πρώτοι!
|
MARC
| LEADER | 00000nam a2200000 a 4500 | ||
|---|---|---|---|
| 001 | UCU5186 | ||
| 003 | CL-VaPUC | ||
| 008 | 960531e19710000US |||||||||||||||||eng|d | ||
| 082 | 0 | 4 | |a 621.319 |b KIM |2 21 |
| 100 | |a Kimbark, Edward Wilson |e author |9 363062 | ||
| 245 | 1 | 0 | |a Direct current transmission |
| 300 | |a v | ||
| 942 | |c BK | ||
| 945 | |d 19960531 00:00:00 |a lriquelm | ||
| 260 | |a Nueva York |b John Wiley |c 1971 | ||
| 650 | 0 | |a Corrientes eléctricas |9 354960 | |
| 650 | 0 | |a Conductores eléctricos |9 263132 | |
| 650 | 0 | |a Circuitos eléctricos |9 260262 | |
| 650 | 7 | |a CONVERTIDORES ELECTRICOS |2 CL-VaPUC |9 345464 | |
| 583 | |a last modification |c 19960531 00:00:00 |k Rodrigo Vera | ||
| 999 | |c 248633 |d 248631 | ||
| 952 | |0 0 |1 0 |4 0 |6 621_319000000000000_KIM_1971 |7 0 |8 A |9 265404 |a BIBING |b BIBING |d 2019-11-19 |h v.1 |i 1669508 |o 621.319 KIM 1971 |p 1669508 |r 2025-01-20 |w 2019-11-19 |y BK |k EIE | ||